| 000 | 00607nam a22002297a 4500 | ||
|---|---|---|---|
| 003 | UA-OsUOA | ||
| 001 | 94384 | ||
| 007 | ta | ||
| 008 | 20130208b un ||||| |||| 00| 0 ukr d | ||
| 100 | _aГончаров И. | ||
| 090 |
_a821.161.1 _bГ55 |
||
| 942 | _cBK | ||
| 040 |
_aUA-OsUOA _brus _cUA-OsUOA _dUA-OsUOA |
||
| 245 |
_aОбломов _bроман в 4-х частях |
||
| 300 | _a517 с. | ||
| 955 | _a3 | ||
| 041 | _arus | ||
| 080 | _a821.161.1 | ||
| 260 |
_aМ. _bХудож. лит. _c1951 |
||
| 650 | 7 |
_a82 Література. Літературознавство _2UDC |
|
| 999 |
_c380629 _d380629 |
||